Statistics for Complete the Card - WWE WrestleMania X8

Click here to take the quiz!

General Stats

  • This quiz has been taken 427 times
  • The average score is 23 of 29

Answer Stats

Answer% Correct
Triple H
100%
The Rock
98%
Hollywood Hulk Hogan
97%
Chris Jericho
94%
Edge
94%
The Undertaker
94%
Kane
91%
Stone Cold Steve Austin
91%
Bubba Ray Dudley
90%
Christian
90%
D-Von Dudley
90%
Jeff Hardy
90%
Matt Hardy
90%
Trish Stratus
90%
Kurt Angle
87%
Lita
85%
Ric Flair
84%
Scott Hall
74%
Rob Van Dam
71%
William Regal
70%
Booker T
69%
Jazz
67%
Billy
60%
Bradshaw
58%
Chuck
58%
Faarooq
58%
Diamond Dallas Page
57%
Maven
55%
Goldust
52%

Score Distribution

Percentile by Number Answered

Percent of People with Each Score

Your Score History

You have not taken this quiz